|
|
|
|
| LEADER |
00000cam a2200000 7i4500 |
| 001 |
0000003166 |
| 005 |
20160330.0 |
| 008 |
070717 |
| 020 |
|
|
|a 9832567076(set)
|
| 020 |
|
|
|a 9832567114
|
| 090 |
0 |
0 |
|a MOH
|b MAL (3208)
|
| 100 |
0 |
|
|a Mohammad bin Abdul Hamid
|
| 245 |
1 |
0 |
|a Memori sebuah puisi
|c Mohammad bin Abdul Hamid
|
| 260 |
|
|
|a Kuala Lumpur :
|b Pekan Ilmu Publications ,
|c 2003
|
| 440 |
|
|
|a Siri hijrah
|
| 500 |
|
|
|a Teenager ages 13-18 years old (blue)
|
| 650 |
|
0 |
|a Malay fiction
|
| 710 |
0 |
|
|a Title
|
| 999 |
|
|
|a 0000881010
|b Book
|c Adult Collection
|e Cawangan Pontian
|
| 999 |
|
|
|a 0000881012
|b Book
|c Adult Collection
|e Cawangan Bandar Penawar
|
| 999 |
|
|
|a 0000881014
|b Book
|c Teenagers
|e Cawangan Segamat
|
| 999 |
|
|
|a 0000941723
|b Book
|c Adult Collection
|e Cawangan Taman Sri Lambak
|
| 999 |
|
|
|a 0000941724
|b Book
|c Adult Collection
|e Cawangan Taman Sri Lambak
|
| 999 |
|
|
|a 0000941725
|b Book
|c Adult Collection
|e Cawangan Taman Sri Lambak
|
| 999 |
|
|
|a 0000956350
|b Book
|c Teenagers
|e Perbadanan Perpustakaan Awam Johor
|
| 999 |
|
|
|a 0000956352
|b Book
|c Teenagers
|e Perbadanan Perpustakaan Awam Johor
|
| 999 |
|
|
|a 0000956354
|b Book
|c Teenagers
|e Perbadanan Perpustakaan Awam Johor
|
| 999 |
|
|
|a 000881010
|b Book
|c Adult Collection
|e Cawangan Pontian
|